ՀՀ Գիտությունների ազգային ակադեմիայի հիմնարար գիտական գրադարան  =   Fundamental Scientific Library of NAS RA

Революционная законность и прокурорский надзор в сельскохозяйственных политических кампаниях / (Record no. 488713)

MARC details
000 -LEADER
fixed length control field 00829nam a2200193 a 4500
001 - CONTROL NUMBER
control field 000222332
003 - CONTROL NUMBER IDENTIFIER
control field AM-YeHGA
005 - DATE AND TIME OF LATEST TRANSACTION
control field 20250617162410.0
008 - FIXED-LENGTH DATA ELEMENTS--GENERAL INFORMATION
fixed length control field 030506s1933 ai r 000 0 rus d
040 ## - CATALOGING SOURCE
Original cataloging agency AM-YeHGA
090 ## - LOCALLY ASSIGNED LC-TYPE CALL NUMBER (OCLC); LOCAL CALL NUMBER (RLIN)
-- 492083
100 1# - MAIN ENTRY--PERSONAL NAME
Personal name Брагинский, М.
245 10 - TITLE STATEMENT
Title Революционная законность и прокурорский надзор в сельскохозяйственных политических кампаниях /
Statement of responsibility, etc. М. Брагинский, Н. Лаговиер ; Под общ. ред. Г.К. Рогинского.
260 ## - PUBLICATION, DISTRIBUTION, ETC.
Place of publication, distribution, etc. Москва
Name of publisher, distributor, etc. Советское законодательство,
Date of publication, distribution, etc. 1933.
300 ## - PHYSICAL DESCRIPTION
Extent 84 с.
650 14 - SUBJECT ADDED ENTRY--TOPICAL TERM
Topical term or geographic name entry element Отрасли управления
700 1# - ADDED ENTRY--PERSONAL NAME
Personal name Лаговиер, Н.
700 1# - ADDED ENTRY--PERSONAL NAME
Personal name Рогинский, Г.К.
Relator term ред.
Relationship edt
Holdings
Withdrawn status Lost status Damaged status Not for loan Collection Home library Current library Date acquired Total checkouts Full call number Barcode Date last seen Price effective from Koha item type Public note
        General Fundamental Scientific Library Fundamental Scientific Library 22/02/2019   РД II/43920 FL0554929 22/02/2019 22/02/2019 Գրքեր / Books 30 Days Loan


ՀՀ ԳԱԱ հիմնարար գիտական գրադարան
ՀՀ,Երևան 0019
Մարշալ Բաղրամյան 24/6
հեռախոս:(374-10) 52-47-50
Հետադարձ կապ

All site content, except where otherwise noted, is licensed under a
Creative Commons License